000 00417nam a22001337a 4500
008 230620b xxu||||| |||| 00| 0 eng d
020 _a333125207
082 _a323.44
_bMED
100 _cZhores A. Medvedev
245 _aThe Medvedew Papers
_bfruitful meeting Between Scientists of the world
_cSecrecy of correspondence is Guaranteed by Law
260 _bmacmillan london ltd
_c1971
300 _a470p
942 _2ddc
_cBK
999 _c1878
_d1878